| 000 | 01262cam a2200265 a 4500 | ||
|---|---|---|---|
| 001 | 15922229 | ||
| 005 | 20170105102849.0 | ||
| 008 | 090925s2010 ctuabf b 001 0 eng | ||
| 010 | _a 2009040202 | ||
| 020 | _a9780300127270 (cloth : alk. paper) | ||
| 040 |
_aDLC _cDLC _dDLC |
||
| 043 | _aa-is--- | ||
| 050 | 0 | 0 |
_aDS126.4 _b.K245 2010 |
| 082 | 0 | 0 |
_a956.9404 _222 |
| 100 | 1 | _aKarsh, Efraim. | |
| 245 | 1 | 0 |
_aPalestine betrayed / _cEfraim Karsh. |
| 260 |
_aNew Haven : _bYale University Press, _cc2010. |
||
| 300 |
_aix, 342 p., [16] p. of plates : _bill., map ; _c24 cm. |
||
| 504 | _aIncludes bibliographical references(p. [274]-334) and index. | ||
| 505 | 0 | _aJews and Arabs in the Holy Land -- Pan-Arab ambitions -- "The most important Arab quisling" -- The road to partition -- Kingdoms are established over dead bodies and skulls -- Fleeing Haifa -- Why don't you stay and fight? -- Jerusalem embattled -- All fall down -- The scramble for Palestine -- Shattered dreams -- A self-inflicted catastrophe -- Epilogue. | |
| 651 | 0 |
_aPalestine _xHistory _yPartition, 1947. |
|
| 906 |
_a7 _bcbc _corignew _d1 _eecip _f20 _gy-gencatlg |
||
| 942 |
_2ddc _cBK |
||
| 999 |
_c14207 _d14207 |
||